Gaitán y la Constituyente del liberalismo de 1947: (Registro nro. 7390)
[ vista simple ]
| 000 -LEADER | |
|---|---|
| fixed length control field | 00826nam a22002057a 4500 |
| 003 - CONTROL NUMBER IDENTIFIER | |
| control field | OSt |
| 005 - DATE AND TIME OF LATEST TRANSACTION | |
| control field | 20210301145656.0 |
| 008 - FIXED-LENGTH DATA ELEMENTS--GENERAL INFORMATION | |
| fixed length control field | 210301s1984 ck a|||gr|||| 00| 0 spa d |
| 040 ## - CATALOGING SOURCE | |
| Original cataloging agency | CO-JMCR |
| Transcribing agency | CO-JMCR |
| 041 0# - LANGUAGE CODE | |
| Language code of text/sound track or separate title | spa |
| 082 04 - DEWEY DECIMAL CLASSIFICATION NUMBER | |
| Classification number | 324.2861 / |
| Item number | C397g |
| Edition number | 23 |
| 110 2# - MAIN ENTRY--CORPORATE NAME | |
| Corporate name or jurisdiction name as entry element | Centro Jorge Eliecer Gaitán |
| Relator term | autor |
| 9 (RLIN) | 14169 |
| 245 10 - TITLE STATEMENT | |
| Title | Gaitán y la Constituyente del liberalismo de 1947: |
| Remainder of title | un ejemplo de democracia participativa / |
| Statement of responsibility, etc. | Centro Jorge Eliecer Gaitán |
| 260 ## - PUBLICATION, DISTRIBUTION, ETC. | |
| Place of publication, distribution, etc. | Bogotá : |
| Name of publisher, distributor, etc. | Centro Jorge Eliecer Gaitán, |
| Date of publication, distribution, etc. | 1984 |
| 300 ## - PHYSICAL DESCRIPTION | |
| Extent | [71] páginas : |
| Other physical details | ilustraciones en blanco y negro ; |
| Dimensions | 21 cm |
| 520 0# - SUMMARY, ETC. | |
| Summary, etc. | Gaitán: "El programa es la línea general de orientación, es el criterio fundamental sobre puntos fundamentales" |
| 650 14 - SUBJECT ADDED ENTRY--TOPICAL TERM | |
| Topical term or geographic name entry element | Partido Liberal |
| Geographic subdivision | Colombia |
| 9 (RLIN) | 14170 |
| 650 14 - SUBJECT ADDED ENTRY--TOPICAL TERM | |
| Topical term or geographic name entry element | Liberalismo |
| 9 (RLIN) | 14171 |
| 942 ## - ADDED ENTRY ELEMENTS (KOHA) | |
| Source of classification or shelving scheme | Dewey Decimal Classification |
| Koha item type | Books |
| Withdrawn status | Lost status | Source of classification or shelving scheme | Damaged status | Not for loan | Home library | Current library | Shelving location | Date acquired | Source of acquisition | Total Checkouts | Full call number | Barcode | Date last seen | Copy number | Price effective from | Koha item type |
|---|---|---|---|---|---|---|---|---|---|---|---|---|---|---|---|---|
| Dewey Decimal Classification | Biblioteca Pública José María del Castillo y Rada | Biblioteca Pública José María del Castillo y Rada | General Stacks | 02/25/2021 | Donación | 324.2861 / C397g | 201810665 | 05/16/2024 | Ej.1 | 02/25/2021 | Books |